000 01853nam a2200325 a 4500
001 000000088
003 DO-SdBNP
005 20221101082342.0
008 090122s1991 dr a 001 0 spa d
040 _aDO-SdBNP
_bspa
_cBPMSU
082 4 _a338.642
_bP849c, 1991
_222
100 1 _aPortes, Alejandro
240 1 0 _lespañol
245 1 0 _aCapitalistas del trópico :
_bla inmigración en los Estados Unidos y el desarrollo de la pequeña empresa en la República Dominicana /
_cAlejandro Portes, Luis Guarnizo ; Rosa Inés Bueno, traducción.
250 _a2a ed.
260 _aSanto Domingo :
_bFLASCO,
_c1991.
300 _a117 p. :
_bil. ;
_c22 cm.
500 _3Incluye referencias bibliográficas y notas al pie de las páginas
505 0 _aPrólogo ---
_tPrefacio a la edición en español -
_tI. Generalidades: la inmigración y sus tipos --
_tII. Teorías sobre migración y desarrollo --
_tIII. La inmigración dominicana --
_tIV. La economía dominicana en los ochenta --
_tV. Metodología --
_tVI. La comunidad inmigrante dominicana de New York: hallazgos preliminares --
_tVII. Empresas dominicanas vinculadas con la migración: perfil de la muestra --
_tVIII. La comunidad inmigrante y el desarrollo de la pequeña empresa dominicana --
_tIX. Conclusiones.
534 _aTítulo original :
_tTropical capitalists : U. S. -bound immigration and small-enterprise development in the Dominican Republic
590 _aInventariado,2022/VM
650 4 _a Pequeña y mediana empresa
_zRepública Dominicana
651 4 _aRepública Dominicana
_xEmigración E Inmigración
651 4 _aEstados Unidos
_xEmigración E Inmigración
700 1 2 _aGuarnizo, Luis
700 1 _aBueno, Rosa Inés,
_etraducción
710 2 _aFacultad Latinoamericana de Ciencias Sociales (República Dominicana)
910 _aVMateo V./Validado
942 _2ddc
_cBK
999 _c14322
_d14322